| 000 | 01822nam a22003257i 4500 | ||
|---|---|---|---|
| 999 |
_c23410 _d23410 |
||
| 003 | AR-CdUCM | ||
| 008 | 251205b20242024pe ||||| |||| 00| 0 eng d | ||
| 020 | _a978-612-00-706-8 | ||
| 040 |
_aMUNICIPALIDAD PROVINCIAL DEL CUSCO _cBIBLIOTECA MUNICIPAL DEL CUSCO |
||
| 041 | _hesp | ||
| 082 |
_a985.019 / _bF65 |
||
| 100 |
_aFlórez Díaz, Marco Antonio. _951922 |
||
| 245 |
_aEl Imperio Inca / _bHistoria , Decadencia y Legado. |
||
| 260 |
_aCusco _bWilfredo Percy Pillco Flórez. _c2022 |
||
| 300 |
_a220 páginas. : _c21 x 17 cm. |
||
| 500 | _zPáginas 218 - 220. | ||
| 505 | _aCapítulo I. Primeros Pobladores en el Valle del Cusco -- Ubicación geográfica y clima -- Primeros Pobladores -- Nacimiento de la Cultura Inca -- Capítulo II. -- Leyenda de Manco Cápac y Mama Ocllo -- Mito de los Hermanos Ayar -- Manifestaciones Sociales -- Organización Social y Política -- Festividades -- Capítulo III. Decadencia y destrucción -- Saqueos y Repartición -- Fundación Española -- Batallas -- Capítulo IV. Investigación Española -- Camino a la Independencia -- José Gabriel Túpac Amaru -- batalla -- fracaso -- muerte -- Capítulo V. Cusco y sus atractivos turísticos -- Qoricancha -- Reseña -Saqueo -- Descripción -- Sacsayhuamán -- Valle Sagrado -- Salineras de Maras -- Machupicchu -- Capítulo VI. Reconocimiento.... | ||
| 650 |
_aPobladores del Valle _951658 |
||
| 650 |
_aEstados Regionales _951659 |
||
| 650 |
_aCultura Inca _98612 |
||
| 650 |
_aLeyendas Mitos _951660 |
||
| 650 |
_aManifestaciones Sociales Culturales _951661 |
||
| 650 |
_aOrganización, educación _951662 |
||
| 650 |
_aTipos de Conquista _951663 |
||
| 650 |
_aGobernantes _939332 |
||
| 650 |
_aDefensa del Cusco _951664 |
||
| 650 |
_aMujer Guerrera _951665 |
||
| 942 |
_2ddc _cLIBROS |
||
| 945 |
_ajmacs _d5/12/2024 |
||